000
00238nam a2200085Ia 4500
245
0
_a
Wrath of the lemming men
100
_a
Frost, Toby Newcastle upon Tyne, 2009
_9
103573
942
_c
BK
008
210817s9999 xx 000 0 und d
999
_c
459069
_d
459068